000 01039nam a2200241Ia 4500
008 0000002015 usad 0000000000eng00
020 _a9781495130120
090 _aPUS00 A32w
100 1 _aAgee, William C.
245 1 0 _aWolf Kahn
_c/ essay William C. Agee ; photography by Christopher Burke
300 _a148 p.
_c/ 27 cm.
500 _aArtista nacido en Alemania y radicado en Estados Unidos \ Exposición realizada en Ameringer McEnery Yohe de New York, entre el 19 de noviembre y el 23 de diciembra de 2015 \ Incluye datos biográficos y cronología artística \ Texto en inglés
600 0 0 _a KAHN, WOLF, 1927/
_xTRABAJOS PICTORICOS
650 1 4 _aARTE CONTEMPORANEO ALEMAN
650 1 4 _aARTE CONTEMPORANEO ESTADOUNIDENSE
650 1 4 _aARTISTAS PLASTICOS ALEMANES EN ESTADOS UNIDOS
650 1 4 _xCATALOGOS
650 1 4 _xEXPOSICIONES
650 1 4 _aPINTORES ALEMANES
650 1 4 _aPINTORES ESTADOUNIDENSES
650 1 4 _aPINTURA ESTADOUNIDENSE
999 _c16674
_d16674
260 _aNew York : Ameringer McEnery Yohe
_c, 2015